<?xml version="1.0" encoding="UTF-8"?>
<record
    xmlns:xsi="http://www.w3.org/2001/XMLSchema-instance"
    xsi:schemaLocation="http://www.loc.gov/MARC21/slim http://www.loc.gov/standards/marcxml/schema/MARC21slim.xsd"
    xmlns="http://www.loc.gov/MARC21/slim">

  <leader>01094nam a22002177a 4500</leader>
  <controlfield tag="005">20260421092336.0</controlfield>
  <datafield tag="020" ind1=" " ind2=" ">
    <subfield code="a">978185604666</subfield>
    <subfield code="c">67,500/= TZS</subfield>
  </datafield>
  <datafield tag="040" ind1=" " ind2=" ">
    <subfield code="a">MCC</subfield>
    <subfield code="b">eng</subfield>
  </datafield>
  <datafield tag="082" ind1=" " ind2=" ">
    <subfield code="a">651.56 FUT</subfield>
  </datafield>
  <datafield tag="100" ind1=" " ind2=" ">
    <subfield code="a">Jennie Hill (editor)</subfield>
  </datafield>
  <datafield tag="245" ind1=" " ind2=" ">
    <subfield code="a">The future of Archives and Recordkeeping:</subfield>
    <subfield code="b">A reader/</subfield>
    <subfield code="c">Jennie Hill.</subfield>
  </datafield>
  <datafield tag="250" ind1=" " ind2=" ">
    <subfield code="a">2nd. ed</subfield>
  </datafield>
  <datafield tag="260" ind1=" " ind2=" ">
    <subfield code="a">London;</subfield>
    <subfield code="b">Facet Publishing,</subfield>
    <subfield code="c">2011.</subfield>
  </datafield>
  <datafield tag="300" ind1=" " ind2=" ">
    <subfield code="a">xvii,244p.</subfield>
    <subfield code="b">ills,</subfield>
    <subfield code="c">24cm.</subfield>
  </datafield>
  <datafield tag="504" ind1=" " ind2=" ">
    <subfield code="a">includes index</subfield>
  </datafield>
  <datafield tag="520" ind1=" " ind2=" ">
    <subfield code="a">The way in which we view the nature of archives and the role of the archivist has changed significantly in the last few decades. With increasing interest from outside of the profession, the idea of archives as the static, impartial carriers of truth and the archivist as a guardian of records has been questioned: how can society take greater control over its own written memory? There have been a number of other changes which have impacted upon the way archivists conceive of themselves and the way in which they work. </subfield>
  </datafield>
  <datafield tag="546" ind1=" " ind2=" ">
    <subfield code="a">eng</subfield>
  </datafield>
  <datafield tag="650" ind1=" " ind2=" ">
    <subfield code="a">Archives and Recordkeeping.</subfield>
  </datafield>
  <datafield tag="700" ind1=" " ind2=" ">
    <subfield code="a">Hill Jannie</subfield>
  </datafield>
  <datafield tag="942" ind1=" " ind2=" ">
    <subfield code="c">BK</subfield>
  </datafield>
  <datafield tag="999" ind1=" " ind2=" ">
    <subfield code="c">12723</subfield>
    <subfield code="d">12723</subfield>
  </datafield>
  <datafield tag="952" ind1=" " ind2=" ">
    <subfield code="0">0</subfield>
    <subfield code="1">0</subfield>
    <subfield code="4">0</subfield>
    <subfield code="7">0</subfield>
    <subfield code="a">MU002</subfield>
    <subfield code="b">MU002</subfield>
    <subfield code="d">2019-09-01</subfield>
    <subfield code="l">0</subfield>
    <subfield code="o">651.56 FUT</subfield>
    <subfield code="p">003271</subfield>
    <subfield code="r">2026-04-21 09:31:29</subfield>
    <subfield code="t">1</subfield>
    <subfield code="w">2026-04-21</subfield>
    <subfield code="y">BK</subfield>
  </datafield>
  <datafield tag="952" ind1=" " ind2=" ">
    <subfield code="0">0</subfield>
    <subfield code="1">0</subfield>
    <subfield code="4">0</subfield>
    <subfield code="7">0</subfield>
    <subfield code="a">MU002</subfield>
    <subfield code="b">MU002</subfield>
    <subfield code="d">2019-09-01</subfield>
    <subfield code="l">0</subfield>
    <subfield code="o">651.56 FUT</subfield>
    <subfield code="p">003272</subfield>
    <subfield code="r">2026-04-21 09:31:29</subfield>
    <subfield code="t">2</subfield>
    <subfield code="w">2026-04-21</subfield>
    <subfield code="y">BK</subfield>
  </datafield>
  <datafield tag="952" ind1=" " ind2=" ">
    <subfield code="0">0</subfield>
    <subfield code="1">0</subfield>
    <subfield code="4">0</subfield>
    <subfield code="7">0</subfield>
    <subfield code="a">MU002</subfield>
    <subfield code="b">MU002</subfield>
    <subfield code="d">2019-09-01</subfield>
    <subfield code="l">0</subfield>
    <subfield code="o">651.56 FUT</subfield>
    <subfield code="p">003273</subfield>
    <subfield code="r">2026-04-21 09:31:29</subfield>
    <subfield code="t">3</subfield>
    <subfield code="w">2026-04-21</subfield>
    <subfield code="y">BK</subfield>
  </datafield>
  <datafield tag="952" ind1=" " ind2=" ">
    <subfield code="0">0</subfield>
    <subfield code="1">0</subfield>
    <subfield code="4">0</subfield>
    <subfield code="7">0</subfield>
    <subfield code="a">MU002</subfield>
    <subfield code="b">MU002</subfield>
    <subfield code="d">2019-09-01</subfield>
    <subfield code="l">0</subfield>
    <subfield code="o">651.56 FUT</subfield>
    <subfield code="p">003274</subfield>
    <subfield code="r">2026-04-21 09:31:29</subfield>
    <subfield code="t">4</subfield>
    <subfield code="w">2026-04-21</subfield>
    <subfield code="y">BK</subfield>
  </datafield>
</record>
